Tragedies Vol.1

Wedi'i Gadw mewn:
Manylion Llyfryddiaeth
Prif Awdur: Shakespeare, William
Fformat: Llyfr
Iaith:English
Cyhoeddwyd: London David Campbell publishers 1992
Cyfres:Everymen's library
Pynciau:
Anh
Tagiau: Ychwanegu Tag
Dim Tagiau, Byddwch y cyntaf i dagio'r cofnod hwn!
Thư viện lưu trữ: Trung tâm Học liệu Lê Vũ Hùng, Trường Đại học Đồng Tháp
LEADER 00696pam a22002418a 4500
001 00025335
005 20171026081022.0
008 110803s1992 ||||||engsd
041 0 # |a eng 
082 1 # |a 822.3  |b TR100G 
100 1 # |a Shakespeare, William 
245 1 0 |a Tragedies  |c William Shakespeare  |n Vol.1 
260 # # |a London  |b David Campbell publishers  |c 1992 
300 # # |a xxxi,538 p.  |c 21 cm. 
490 0 # |a Everymen's library 
650 |a Anh 
650 |a Bi kịch 
650 |a Văn học trung đại 
852 # # |b Kho đọc  |j KD.0008487 
852 # # |j KD.0008487 
910 |d 03/08/2011 
980 # # |a Trung tâm Học liệu Lê Vũ Hùng, Trường Đại học Đồng Tháp